Statistics for 中山23+2镇(街道)All 23+2 Towns(Blocks) in Zhongshan

Click here to take the quiz!

General Stats

  • This quiz has been taken 22 times
  • The average score is 13 of 25

Answer Stats

2023千强镇排名镇(街道)名% Correct
32小榄镇
95%
不计入中山火炬高技术产业开发区/中山港街道
85%
不计入火炬开发区街道
75%
不计入南朗街道
70%
256古镇镇
70%
316三角镇
65%
350南头镇
60%
不计入石岐街道
60%
153坦洲镇
55%
178港口镇
50%
340东凤镇
50%
不计入西区街道
50%
234三乡镇
45%
不计入南区街道
45%
不计入五桂山街道
45%
不计入民众街道
45%
不计入东区街道
45%
636沙溪镇
40%
480板芙镇
40%
448横栏镇
40%
423黄圃镇
40%
376阜沙镇
40%
不计入翠亨新区
40%
未上榜大涌镇
35%
未上榜神湾镇
35%

Score Distribution

Percentile by Number Answered

Percent of People with Each Score

Your Score History

You have not taken this quiz